00666nam a2200205Ia 4500003000900000008004100009020001800050040001600068080001600084100002600100245004400126260003500170300001300205490004300218650003400261650002300295942000700318999001500325952012000340IN-BaIIA211028s9999 xx 000 0 eng d a0-12-607771-1 cIIA Library a535.33bCAR aCardona, Manuel96557 0aModulation spectroscopycManuel Cardona aNew YorkbAcademic Pressc1969 ax, 358p. aSolid state physics. Supplement, v. 11 aModulation-Spectroscopy96558 aSpectroscopy91535 cBK c3694d3694 00104070aBANbBANcGENd1971-01-21g139.00l0o535.33/ CARp4121r2021-11-05v139.00w1971-01-21yBKGRs. 139.00